Normal view
MARC view
- Solovieva, Yulia
Entry Nombre Personal
001 - NUMERO DE CONTROL
- campo de control: 33804
003 - IDENTIFICADOR DE NUMERO DE CONTROL
- campo de control: UPN
005 - FECHA Y HORA DE LA ÜLTIMA TRANSACCIÓN
- campo de control: 20210219194446.0
008 - DATOS DE LONGITUD FIJA
- campo de control de longitud fija: nabaccnnaabn|||||||||| b |nc|||||d
035 ## - NUMERO DE CONTROL
- Número de control: UPN11000005911
040 ## - FUENTE DE CATALOGACIÓN
- Lenguaje de catalogación: SPA
- Agencia de transcripción: UPN
100 1# - ENCABEZAMIENTO - NOMBRE PERSONAL
- Nombre personal: Solovieva, Yulia
670 ## - FUENTE EN LA QUE SE LOCALIZARON DATOS
- Cita de la fuente: Internet
- Uniform Resource Identifier: http://www.cendi.org/interiores/cd5toweb/talleres/20_taller_curri_vitae.htm
680 ## - NOTA PUBLICA DE ACCESO PÚBLICO
- Frase explicativa de la referencia: Profesora investigador tiempo completo, maestría en diagnóstico y rehabilitación neuropsicolgica, Facultad de Psicología, BUAP
902 ## - CATALOGADOR
- Catalogador: MCM/290713
